Automobile engineering (Record no. 10668)

MARC details
000 -LEADER
fixed length control field 00378nam a22001697a 4500
003 - CONTROL NUMBER IDENTIFIER
control field OSt
008 - FIXED-LENGTH DATA ELEMENTS--GENERAL INFORMATION
fixed length control field 210614b ||||| |||| 00| 0 eng d
020 ## - INTERNATIONAL STANDARD BOOK NUMBER
International Standard Book Number 9789387394254
082 ## - DEWEY DECIMAL CLASSIFICATION NUMBER
Classification number 629.5 NAA
100 ## - MAIN ENTRY--PERSONAL NAME
Personal name NARANG,GBS
245 ## - TITLE STATEMENT
Title Automobile engineering
250 ## - EDITION STATEMENT
Edition statement 5TH
260 ## - PUBLICATION, DISTRIBUTION, ETC. (IMPRINT)
Place of publication, distribution, etc New Delhi
Name of publisher, distributor, etc Khanna Pub
Date of publication, distribution, etc 2015
300 ## - PHYSICAL DESCRIPTION
Extent 1183
650 ## - SUBJECT ADDED ENTRY--TOPICAL TERM
Topical term or geographic name as entry element DE
942 ## - ADDED ENTRY ELEMENTS (KOHA)
Source of classification or shelving scheme Dewey Decimal Classification
Koha item type Text Books
650 ## - SUBJECT ADDED ENTRY--TOPICAL TERM
-- 3
Holdings
Withdrawn status Lost status Source of classification or shelving scheme Damaged status Not for loan Collection code Home library Current library Date acquired Source of acquisition Currency Cost, normal purchase price Bill Number Total Checkouts Full call number Acc. no. / Barcode Date last seen Actual Cost, discounted price Bill Date Koha item type
    Dewey Decimal Classification     Diploma in Mechanical PIET C-LIBRARY PIET C-LIBRARY 15/04/2021 Kirti Praskshan IN Rupees 349.00 IN 2058   629.5 NAA DE1386 14/06/2021 251.75 15/04/2021 Text Books
    Dewey Decimal Classification     Diploma in Mechanical PIET C-LIBRARY PIET C-LIBRARY 15/04/2021 Kirti Praskshan IN Rupees 349.00 IN 2058   629.5 NAA DE1387 14/06/2021 251.75 15/04/2021 Text Books
    Dewey Decimal Classification     Diploma in Mechanical PIET C-LIBRARY PIET C-LIBRARY 15/04/2021 Kirti Praskshan IN Rupees 349.00 IN 2058   629.5 NAA DE1388 14/06/2021 251.75 15/04/2021 Text Books

Design & Developed by: PIET Central Library
R70 Miles Stone Pattikalyana Samalkha Panipat 132102
mail ID :- [email protected], Phone No:- 0180-2569700 Ex.216